000 00583nam a2200145 a 4500
008 080314s2007 xx |||||||||||||| || u
050 _aIBRD(058)
110 _aWorld Bank
245 1 4 _aThe Little Data Book on Information and Communication Technonolgy
260 _a
_bWorld Bank
_c2007
300 _avi, 229p. :ill.
350 _a0.00
650 _aINFORMATION AND COMMUNICATION TECHNOLOGY--SECURITY MEASURES
995 _D0.00
_FCBU-MAIN LIBRARY (Kitwe)
_H1
_I0.00
_M1
_UAVAILABLE
_WSep 16, 2008
_ZInternational Publications
999 _c49372
_d49372